Statistics for Seychelles... or Comoros?

Click here to take the quiz!

General Stats

  • This quiz has been taken 51 times
  • The average score is 12 of 20

Answer Stats

QuestionAnswer% Correct
Is an island country?Both
98%
Is further north?Seychelles
89%
Is closer to mainland Africa?Comoros
87%
Has a higher HDI?Seychelles
76%
Is larger in area?Comoros
67%
Has stars on its flag?Comoros
67%
Has Port Louis as its capital city?Neither
65%
Has Arabic as an official language?Comoros
63%
Most of its people are Christians?Seychelles
63%
Gets more rainfall?Seychelles
59%
Has a higher maximum elevation?Comoros
57%
Has English as an official language?Seychelles
54%
Has the colors blue, red, white, yellow, and green on its flag?Both
50%
Became independent first?Comoros
50%
Uses the rupee as its currency?Seychelles
48%
Became independent from the United Kingdom?Seychelles
48%
Drives on the right side of the road?Comoros
46%
Has French as an official language?Both
41%
Has more than one demonym?Seychelles
24%
Uses the Assembly of the Union as its legislature?Comoros
22%

Score Distribution

Percentile by Number Answered

Percent of People with Each Score

Your Score History

You have not taken this quiz